Cancionero del Almirante Don Fadrique Enríquez / (Record no. 10230)

MARC details
000 -LEADER
campo de control de longitud fija 01042nam a2200289 i 4500
001 - NÚMERO DE CONTROL
campo de control 10230
003 - IDENTIFICADOR DE NÚMERO DE CONTROL
campo de control ES-MaACL
005 - FECHA Y HORA DE LA ÚLTIMA TRANSACCIÓN
campo de control 20251003200453.0
007 - CAMPO FIJO DE DESCRIPCIÓN FÍSICA--INFORMACIÓN GENERAL
campo de control de longitud fija t|
008 - DATOS DE LONGITUD FIJA--INFORMACIÓN GENERAL
campo de control de longitud fija 950323s1994 sp |||| |dspa d
020 ## - NÚMERO INTERNACIONAL ESTÁNDAR DEL LIBRO
Número Internacional Estándar del Libro 84-7769-079-0
080 ## - NÚMERO DE LA CLASIFICACIÓN DECIMAL UNIVERSAL
Número de la Clasificación Decimal Universal 929 Enríquez de Cabrera, Fadrique, Almirante de Castilla
080 ## - NÚMERO DE LA CLASIFICACIÓN DECIMAL UNIVERSAL
Número de la Clasificación Decimal Universal 860-14"14"
100 1# - ENTRADA PRINCIPAL--NOMBRE DE PERSONA
Nombre de persona Avalle-Arce, Juan Bautista
9 (RLIN) 23989
245 10 - MENCIÓN DEL TÍTULO
Título Cancionero del Almirante Don Fadrique Enríquez /
Mención de responsabilidad, etc. Juan Bautista de Avalle-Arce.
250 ## - MENCION DE EDICION
Mención de edición 1ª ed.
260 ## - PUBLICACIÓN, DISTRIBUCIÓN, ETC.
Lugar de publicación, distribución, etc. Barcelona :
Nombre del editor, distribuidor, etc. Quaderns Crema,
Fecha de publicación, distribución, etc. 1994.
300 ## - DESCRIPCIÓN FÍSICA
Extensión 614 p. ;
Dimensiones 18 cm.
490 1# - MENCIÓN DE SERIE
Mención de serie Biblioteca menor ;
Designación de volumen o secuencia 11
500 ## - NOTA GENERAL
Nota general Índice.
505 8# - NOTA DE CONTENIDO CON FORMATO
Nota de contenido con formato Contiene: Parte I ;
Título El Almirante Don Fadrique Enríquez, esbozo biográfico - Parte II ;
-- Texto
600 17 - PUNTO DE ACCESO ADICIONAL DE MATERIA--NOMBRE DE PERSONA
Nombre de persona Melgar, Fadrique Enríquez,
Títulos y otros términos asociados al nombre Conde de,
Fechas asociadas al nombre 1460-1538
Fuente del encabezamiento o término
9 (RLIN) 166848
700 1# - ENTRADA AGREGADA--NOMBRE PERSONAL
Nombre de persona Melgar, Fadrique Enríquez,
Títulos y otros términos asociados al nombre Conde de,
Fechas asociadas al nombre 1460-1538
9 (RLIN) 166848
830 0# - PUNTO DE ACCESO ADICIONAL DE SERIE-TÍTULO UNIFORME
Título uniforme Biblioteca menor ;
Designación de volumen o secuencia 11
9 (RLIN) 178668
852 ## - LOCALIZACIÓN
Ubicación ES-MaACL
Número de control de estantería L-17617
Holdings
Estatus retirado Estado de pérdida Estado de daño No para préstamo Biblioteca de origen Biblioteca actual Ubicación en estantería Fecha de adquisición Fuente de adquisición Total de préstamos Signatura topográfica completa Código de barras Visto por última vez Precio de reemplazo Tipo de ítem Koha
        Biblioteca del Ateneo de Madrid Biblioteca del Ateneo de Madrid Depósito 2 17/01/2008     L-17617 1010439 23/02/2023 23/02/2023 Libro impreso